| 000 | 00437nam a2200157 a 4500 | ||
|---|---|---|---|
| 001 | 000023686 | ||
| 005 | 20200930022407.0 | ||
| 008 | 101218s1957 txu 000 0 spa d | ||
| 040 |
_aDO-SdBNP _bspa _cBNPHU |
||
| 082 |
_axxx _bP436v |
||
| 100 | 1 |
_aPereira Alves, A. _940315 |
|
| 245 | 1 | 4 |
_aVidas victoriosas / _cA. Pereira Alves. |
| 260 |
_aEl Paso, Texas, Estados Unidos : _bVerdad, _c1957. |
||
| 300 |
_a98 p. ; _c17 cm. |
||
| 049 | _aBNGR | ||
| 999 |
_c23182 _d23182 |
||